Espacios urbanos : la arquitectura de los rascacielos /

Tallennettuna:
Bibliografiset tiedot
Päätekijä: Asensio Cerver, Francisco (autor)
Aineistotyyppi: Kirja
Kieli:espanja
Julkaistu: Barcelona, España : Francisco Asensio Cerver, 1997, c1997
Aiheet:
Tagit: Lisää tagi
Ei tageja, Lisää ensimmäinen tagi!

MARC

LEADER 00000nam^a2200000^a^4500
001 000053043
005 20250521000000.0
009 20260310090420.621
020 |a 84-8185-087-X 
037 |a Acervo ITESO - Biblioteca 
041 |a ESP 
082 |a 712.  |b ASE V. 3 
100 |a Asensio Cerver, Francisco  |e (autor) 
245 1 0 |a Espacios urbanos :  |b la arquitectura de los rascacielos /  |c F. Asensio Cerver. 
264 4 |a Barcelona, España :  |b Francisco Asensio Cerver,  |c 1997, c1997 
300 |a 189 p. 
336 |a texto  |b txt  |2 rdacontenido 
337 |a sin mediación  |b n  |2 rdamedio 
338 |a volumen  |b nc  |2 rdasoporte 
649 |a XX 
650 |a Rascacielos 
650 |a Diseño Arquitectónico 
650 |a Arquitectura del Paisaje 
650 |a Urbanismo 
910 |a Fondo General 
920 |a Impresos - Libros 
930 |a Colección General 
905 |a 101 
901 |a 0500010540  |b IT1  |c ACC  |u 20250521 
902 |a https://opac.biblio.iteso.mx/vufind/Record/000053043